000 00543nmm a2200169Ia 4500
008 251105s9999||||xx |||||||||||||||||und||
020 _a9788437065298
041 _aspa
100 _aMateu Bellés, Joan F.
245 0 _aPaisaje y docencia. La obra de Eduardo Soler y Pérez
264 _a[Madrid, España] :
_bPublicaciones de la Universidad de Valencia (PUV),
_c2006
300 _a62 páginas
490 _aDiscurs d'Obertura
650 _aGeography (General)
856 _uhttps://public.digitaliapublishing.com/a/34762
942 _cCF
999 _c82360
_d82360